LEADER 01404nam a2200313 i 4500 001 000000222749 003 CaOOAMICUS 005 20130924000000.0 008 130924s1997 it u000 u ita u 013 $a201646 020 $a88-7802-815-0 040 $aSeMil$bita 100 1 $aNesti, Arnaldo <1932- >.$0(OLS)http://semarc/name/11759 245 13$aIl cattolicesimo degli italiani :$breligione e culture dopo la secolarizzazione /$cArnaldo Nesti. 260 $aMilano :$bGuerini e Associati,$c1997. 300 $a182 p. ;$c21 cm. 490 0 $aFrontiere : democrazia e alterità ;$v12 500 $aFondo card. C. M. Martini. 650 4$aReligione e cultura.$0(OLS)http://semarc/subject/6000 650 4$aSecolarizzazione - Sec. 20.-21.$0(OLS)http://semarc/subject/12368 650 4$aCultura e religione.$0(OLS)http://semarc/subject/28070 830 0$aFrontiere : democrazia e alterità ;$v12.$0(OLS)http://semarc/title/20072 850 $aSeMil 852 $aSeMil$W1$xVenegono$y1$m3N VI 387$j173095$B173095$CSeMilBibl$Z2$F185775 $81 941 1 $a4 961 $aLascito: Martini Card. Carlo Maria 996 $6020$a88-7802-815-0$9(OLS)http://semarc/number/222412 996 $6245$aIl cattolicesimo degli italiani :$breligione e culture dopo la secolarizzazione$9(OLS)http://semarc/title/319373 996 $6260$aMilano :$bGuerini e Associati$9(OLS)http://semarc/publisher/31885 LEADER 01273nam a2200301 i 4500 001 000000066436 003 CaOOAMICUS 005 20130515000000.0 008 130515s2004 it u000 u ita u 013 $a37608 020 $a88-8353-239-2 040 $aSeMil$bita 100 1 $aFontanille, Jacques.$0(OLS)http://semarc/name/33325 240 10$aSoma & séma.$0(OLS)http://semarc/title/105648 245 10$aFigure del corpo :$bper una semiotica dell'impronta /$cJacques Fontanille ; traduzione e cura di Pierluigi Basso. 260 $aRoma :$bMeltemi,$c2004. 300 $a431 p. ;$c19 cm. 490 0 $aSegnature ;$v22 650 4$aCorpo umano.$0(OLS)http://semarc/subject/7329 650 4$aCorpo umano - Arte.$0(OLS)http://semarc/subject/12937 700 1 $aBasso, Pierluigi.$0(OLS)http://semarc/name/33326 830 0$aSegnature ;$v22.$0(OLS)http://semarc/title/16304 850 $aSeMil 852 $aSeMil$W1$xVenegono$y1$m3X I 86$j32589$B32589$CSeMilBibl$Z2$F32592 $81 961 $aOmaggio: Conti don Ermenegildo 996 $6020$a88-8353-239-2$9(OLS)http://semarc/number/44061 996 $6245$aFigure del corpo :$bper una semiotica dell'impronta$9(OLS)http://semarc/title/105647 996 $6260$aRoma :$bMeltemi$9(OLS)http://semarc/publisher/31774